Understanding American politics / (Record no. 2697)
[ view plain ]
| 000 -LEADER | |
|---|---|
| fixed length control field | 02007nam a2200361 a 4500 |
| 001 - CONTROL NUMBER | |
| control field | 4681051 |
| 003 - CONTROL NUMBER IDENTIFIER | |
| control field | S3H |
| 005 - DATE AND TIME OF LATEST TRANSACTION | |
| control field | 20180117085947.0 |
| 008 - FIXED-LENGTH DATA ELEMENTS--GENERAL INFORMATION | |
| fixed length control field | 820730s1982 ilua b 001 0 eng |
| 010 ## - LIBRARY OF CONGRESS CONTROL NUMBER | |
| LC control number | 81070952 |
| 020 ## - INTERNATIONAL STANDARD BOOK NUMBER | |
| International Standard Book Number | 0256024537 |
| 040 ## - CATALOGING SOURCE | |
| Original cataloging agency | DLC |
| Transcribing agency | DLC |
| Modifying agency | DLC |
| 043 ## - GEOGRAPHIC AREA CODE | |
| Geographic area code | n-us--- |
| 050 00 - LIBRARY OF CONGRESS CALL NUMBER | |
| Classification number | JK274 |
| Item number | .S75 1982 |
| 082 00 - DEWEY DECIMAL CLASSIFICATION NUMBER | |
| Classification number | 320.973 STA |
| Edition number | 19 |
| 100 1# - MAIN ENTRY--PERSONAL NAME | |
| Personal name | Starling, Grover. |
| 245 10 - TITLE STATEMENT | |
| Title | Understanding American politics / |
| Statement of responsibility, etc. | Grover Starling. |
| 260 ## - PUBLICATION, DISTRIBUTION, ETC. | |
| Place of publication, distribution, etc. | Homewood, Ill. : |
| Name of publisher, distributor, etc. | Dorsey Press, |
| Date of publication, distribution, etc. | 1982. |
| 300 ## - PHYSICAL DESCRIPTION | |
| Extent | xii, 538, [66] p. : |
| Other physical details | ill. (some col.) ; |
| Dimensions | 24 cm. |
| 440 #4 - SERIES STATEMENT/ADDED ENTRY--TITLE | |
| Title | The Dorsey series in political science |
| 504 ## - BIBLIOGRAPHY, ETC. NOTE | |
| Bibliography, etc. note | Includes bibliographical references and index. |
| 651 #0 - SUBJECT ADDED ENTRY--GEOGRAPHIC NAME | |
| Geographic name | United States |
| General subdivision | Politics and government. |
| 906 ## - LOCAL DATA ELEMENT F, LDF (RLIN) | |
| a | 7 |
| b | cbc |
| c | orignew |
| d | 2 |
| e | opcn |
| f | 19 |
| g | y-gencatlg |
| 942 ## - ADDED ENTRY ELEMENTS (KOHA) | |
| Source of classification or shelving scheme | |
| Koha item type | Book |
| Withdrawn status | Lost status | Source of classification or shelving scheme | Damaged status | Not for loan | Collection code | Permanent Location | Current Location | Shelving location | Date acquired | Total Checkouts | Full call number | Barcode | Date last seen | Price effective from | Koha item type | Date last checked out |
|---|---|---|---|---|---|---|---|---|---|---|---|---|---|---|---|---|
| Central Library (CL) | Central Library (CL) | General Stacks | 03/14/2016 | 320.973 STA | S3H-N-548 | 03/14/2016 | 03/14/2016 | Book | ||||||||
| Central Library (CL) | Central Library (CL) | General Stacks | 05/18/2016 | 320.973 STA | S3H-N-549 | 05/18/2016 | 05/18/2016 | Book | ||||||||
| Central Library (CL) | Central Library (CL) | General Stacks | 05/18/2016 | 1 | 320.973 STA | S3H-N-547 | 07/09/2019 | 05/18/2016 | Book | 06/15/2019 | ||||||
| Central Library (CL) | Central Library (CL) | General Stacks | 05/18/2016 | 320.973 STA | S3H-N-553 | 05/18/2016 | 05/18/2016 | Book | ||||||||
| Central Library (CL) | Central Library (CL) | General Stacks | 05/18/2016 | 320.973 STA | S3H-N-552 | 05/18/2016 | 05/18/2016 | Book | ||||||||
| Central Library (CL) | Central Library (CL) | General Stacks | 05/18/2016 | 320.973 STA | S3H-N-551 | 05/18/2016 | 05/18/2016 | Book | ||||||||
| Central Library (CL) | Central Library (CL) | General Stacks | 05/18/2016 | 320.973 STA | S3H-N-550 | 05/18/2016 | 05/18/2016 | Book | ||||||||
| NUST Law School (NLS) | NUST Law School (NLS) | General Stacks | 05/18/2016 | 320.973 STA | S3H-N-554 | 05/18/2016 | 05/18/2016 | Book |
